| 000 | 00686nam a2200181Ia 4500 | ||
|---|---|---|---|
| 008 | 090124s9999 xx 000 0 und d | ||
| 082 | _b47570 | ||
| 100 | _aखाडिलकर नीलकंठ (संपादक नवाकाऴ) | ||
| 245 | _a बादशाही अग्रलेख | ||
| 250 | _a1 | ||
| 260 | _c2008 | ||
| 300 | _a224 | ||
| 600 | _aखाडिलकर नीलकंठ (संपादक नवाकाऴ) | ||
| 630 | _a बादशाही अग्रलेख | ||
| 700 | _aखाडिलकर नीलकंठ (संपादक नवाकाऴ) | ||
| 730 | _a बादशाही अग्रलेख | ||
| 942 | _cBOOK | ||
| 999 |
_c113948 _d113948 |
||